| 000 | 00925cam a2200277 i 4500 | ||
|---|---|---|---|
| 001 | 17100744 | ||
| 005 | 20250123092344.0 | ||
| 006 | m |o d | | ||
| 007 | cr_||||||||||| | ||
| 008 | 111230s2012 cau ob 001 0 eng | ||
| 020 | _a9781118180525 (adobe pdf) | ||
| 020 | _a9781118180532 (mobipocket) | ||
| 020 | _a9781118180549 ( epub) | ||
| 020 | _z9780470873946 | ||
| 050 | 0 | 0 | _aJK468.E7 |
| 082 | 0 | 0 |
_a172/.2 _223 |
| 100 | 1 |
_aCooper, Terry L., _d1938- |
|
| 245 | 1 | 4 |
_aThe responsible administrator : _ban approach to ethics for the administrative role / _cTerry L. Cooper. |
| 250 | _aSixth edition. | ||
| 260 |
_aSan Francisco : _bJossey-Bass, _c[2012] |
||
| 300 | _a1 online resource. | ||
| 650 | 0 |
_aCivil service ethics _zUnited States. |
|
| 650 | 0 |
_aGovernment executives _xProfessional ethics _zUnited States. |
|
| 650 | 7 |
_aBUSINESS & ECONOMICS / Government & Business. _2bisacsh |
|
| 942 |
_2lcc _cBK _n0 |
||
| 999 |
_c2880 _d2880 |
||